La relación terapéutica. (Registro nro. 604)
[ vista simple ]
| 000 -LEADER | |
|---|---|
| fixed length control field | 01172 ad a2200325 a 4500 |
| 005 - FECHA ULTIMA MODIFICACION | |
| control field | 20240515132325.0 |
| 008 - CAMPO DE CONTROL (LIBRO) | |
| fixed length control field | 100811s2003||||ag # f |||| 000 0 spa d |
| 020 ## - INTERNATIONAL STANDARD BOOK NUMBER | |
| ISBN | 9879165403 |
| 041 ## - CODIGO DE IDIOMA | |
| Código de idioma del texto/pista de sonido o título separado | spa |
| 092 ## - SIGNATURA TOPOGRAFICA DEWEY LOCAL | |
| número de clasificación | 616.89 |
| libristica | 73 |
| sección | RIC |
| 100 1# - ENTRADA PRINCIPAL--NOMBRE PERSONAL | |
| Nombre personal | Ricón, Lía. |
| 9 (RLIN) | 682 |
| 245 #3 - TITULO PROPIAMENTE DICHO | |
| Título | La relación terapéutica. |
| Subtítulo y Título paralelo | Relación entre el personal de salud y el asistido / |
| Mención de responsabilidad y remanente de la transcripción de la portada | Lía Ricón. |
| 250 ## - MENCION DE EDICION | |
| Mención de edición | 1a ed. |
| 260 ## - PIE DE IMPRENTA | |
| Lugar de publicación, distribución, etc | Buenos Aires: |
| Nombre de la editorial, distribuidor, etc | Polemos; |
| Fecha de publicación | 2003. |
| 300 ## - DESCRIPCION FISICA | |
| Extension | 128 p. |
| 500 ## - NOTA GENERAL | |
| Nota general | Ricón, L. (2003). La relación terapéutica. (1a ed.). Buenos Aires : Polemos. |
| 590 ## - NOTAS LOCALES (RLIN) | |
| Nota local | Colección Psicoanálisis y Salud Mental. Serie "Eslabones". |
| 590 ## - NOTAS LOCALES (RLIN) | |
| Nota local | Donación 2004 |
| 653 ## - TÉRMINO INDIZADO - PALABRAS CLAVES | |
| Palabra clave | Vocación del personal de salud |
| 653 ## - TÉRMINO INDIZADO - PALABRAS CLAVES | |
| Palabra clave | Relación personal de salud-asistidos (PS-A) |
| 653 ## - TÉRMINO INDIZADO - PALABRAS CLAVES | |
| Palabra clave | Psiquismo: el modelo conjetural freudiano |
| 653 ## - TÉRMINO INDIZADO - PALABRAS CLAVES | |
| Palabra clave | Concepto de transferencia (transferencia y contratransferencia) |
| 653 ## - TÉRMINO INDIZADO - PALABRAS CLAVES | |
| Palabra clave | Mecanismos de defensa |
| 653 ## - TÉRMINO INDIZADO - PALABRAS CLAVES | |
| Palabra clave | Personas: personlidades pertinentes y patológicas |
| 653 ## - TÉRMINO INDIZADO - PALABRAS CLAVES | |
| Palabra clave | Entrevista: libre y dirigida |
| 653 ## - TÉRMINO INDIZADO - PALABRAS CLAVES | |
| Palabra clave | Aspectos éticos |
| 653 ## - TÉRMINO INDIZADO - PALABRAS CLAVES | |
| Palabra clave | Código de procedimientos |
| 930 ## - NUMERO DE INVENTARIO | |
| Número de inventario | 986 |
| 942 ## - ADDED ENTRY ELEMENTS (KOHA) | |
| Source of classification or shelving scheme | Dewey Decimal Classification |
| Item type | Libros |
| Estado de retiro | Existencia | Estado general | No para prestamo | Ubicación permanente | ubicación actual | Sala de ubicación | Fecha de adquisición | Total Checkouts | Total Renewals | Número de clasificación | Código de barras | Checked out | Date last seen | Date last borrowed | Número de ejemplar | Price effective from | Koha tipo de elemento (item) | Fuente de clasificación | Colección | Public note |
|---|---|---|---|---|---|---|---|---|---|---|---|---|---|---|---|---|---|---|---|---|
| Biblioteca Medicina | Biblioteca Medicina | Circulación | 13/05/2011 | 5 | 7 | 616.89 73 RIC | 986 | 01/03/2029 | 02/03/2015 | 02/03/2015 | ej.1 | 13/05/2011 | Libros | |||||||
| Biblioteca Medicina | Biblioteca Medicina | Circulación | 31/10/2012 | 3 | 1 | 616.89 73 RIC | 2677 | 15/04/2015 | 10/04/2015 | Ej. 2 | 31/10/2012 | Libros | Dewey Decimal Classification | Non-fiction | Donacion Dra. Lia Ricon |